ბათუმის შოთა რუსთაველის სახელმწიფო უნივერსიტეტის ბიბლიოთეკა

Реферативный журнал.№8. 2013 (ბიბ.ჩანაწერი № 41321)

000 -LEADER
fixed length control field 00638nam a2200193Ia 4500
001 - CONTROL NUMBER
control field 7979
003 - CONTROL NUMBER IDENTIFIER
control field GE_BSU
008 - FIXED-LENGTH DATA ELEMENTS--GENERAL INFORMATION
fixed length control field 181216s||||||||xx |||||||||||||| ||und||
040 ## - CATALOGING SOURCE
Transcribing agency GE_BSU
245 ## - TITLE STATEMENT
Title Реферативный журнал.№8. 2013
245 ## - TITLE STATEMENT
Remainder of title 20.Экономика промышленности.Выходит 12раз в год.
245 ## - TITLE STATEMENT
Statement of responsibility, etc. гл. ред. Ран П.А Минакир, и др.
260 ## - PUBLICATION, DISTRIBUTION, ETC.
Place of publication, distribution, etc. москва.
260 ## - PUBLICATION, DISTRIBUTION, ETC.
Name of publisher, distributor, etc. Винити.
260 ## - PUBLICATION, DISTRIBUTION, ETC.
Date of publication, distribution, etc. 2013.
300 ## - PHYSICAL DESCRIPTION
Extent 12ст,29см.
653 ## - INDEX TERM--UNCONTROLLED
Uncontrolled term Реферативный журнал.Экономика промышленности.
942 ## - ADDED ENTRY ELEMENTS (KOHA)
Koha item type პერიოდიკა
ეგზემპლარები
Withdrawn status Lost status Damaged status Not for loan Date acquired Barcode Date last seen Price effective from Koha item type
        2018-12-17 p75851 2018-12-17 2018-12-17 პერიოდიკა